[Event "Main Vogelsberg op 16th"]
[Site "Waechtersbach"]
[Date "2022.10.02"]
[Round "5"]
[White "Lambers, Gabriel"]
[Black "Hochmuth, Lukas"]
[Result "1-0"]
[WhiteElo "1567"]
[BlackElo "1260"]
[PlyCount "71"]
[EventDate "2022.09.30"]
[EventType "swiss"]
[EventRounds "7"]
[EventCountry "GER"]
[SourceTitle "CBM 210 Extra"]
[Source "ChessBase"]
[SourceDate "2022.11.30"]
[SourceVersion "1"]
[SourceVersionDate "2022.11.30"]
[SourceQuality "1"]

1. e4 c6 2. Nc3 d5 3. Nf3 Bg4 4. h3 Bxf3 5. Qxf3 e6 6. d4 Ne7 7. exd5 cxd5 8. Bd3 Nbc6 9. Ne2 Qb6 10. c3 Nc8 11. 0-0 Nd6 12. Rb1 Be7 13. Ng3 Qc7 14. Qg4 g6 15. Re1 Kd7 16. Nf1 Rag8 17. Bf4 h5 18. Qe2 g5 19. Bh2 Qd8 20. b4 g4 21. b5 Nb8 22. Kh1 Rg7 23. c4 gxh3 24. gxh3 dxc4 25. Bxc4 Nxc4 26. Qxc4 Qc8 27. Qa4 Bh4 28. Rec1 Qd8 29. Rc7+ Ke8 30. Qc4 Qg5 31. Rc8+ Ke7 32. Qc7+ Nd7 33. Qd6+ Kf6 34. Be5+ Nxe5 35. Qxe5+ Ke7 36. Qxg5+ 1-0